| 000 | 00698nam a2200205Ia 4500 | ||
|---|---|---|---|
| 001 | L513-25858 | ||
| 003 | IT-CnALBA | ||
| 008 | 170116s9999||||xx |||||||||||||| ||und|| | ||
| 040 |
_aIT-CnALBA _cIT-CnALBA |
||
| 041 | _aITALIANO | ||
| 100 | _aDARBESIO ONORATO, DOTT. | ||
| 245 | 0 | _aARITMETICA PER LE SCUOLE DI AVVIAMENTO E TIPO COMMERCIALE E INDUSTRIALE FEMMINILE. VOL. I PER LA I CLASSE. | |
| 250 | _a1a ed. | ||
| 260 |
_a TO BO CT PA _bSOCIETÀ ED. INTER. _c1955 [1° Ed.: n.d.] |
||
| 300 | _a182 p. | ||
| 501 | _aSocietà San Paolo EM - Piazza San Paolo, 14 - 12051 ALBA (CN) (non commercial uses only) ® Copyright 2017 | ||
| 650 | _aARITMETICA | ||
| 942 | _cBK | ||
| 957 | _71 | ||
| 999 |
_a30645 _bNO _g Copie: 1 _c284971 _d284971 |
||